Economic policies and Inia's reform agenda: New thinking (Record no. 43154)

MARC details
000 -LEADER
fixed length control field 00368nam a2200133Ia 4500
020 ## - INTERNATIONAL STANDARD BOOK NUMBER
ISBN 9.78813E+12
082 ## - DEWEY DECIMAL CLASSIFICATION NUMBER
Classification number 338.22(540)
Item number RED
100 ## - MAIN ENTRY--AUTHOR NAME
Personal name REDDY, YV
245 #0 - TITLE STATEMENT
Title Economic policies and Inia's reform agenda: New thinking
260 ## - PUBLICATION, DISTRIBUTION, ETC. (IMPRINT)
Place of publication Hyderabad
Name of publisher Orient Blackswan
Year of publication 2013
650 ## - SUBJECT ADDED ENTRY--TOPICAL TERM
Topical Term Indian economy
942 ## - ADDED ENTRY ELEMENTS (KOHA)
Koha item type Books
Holdings
Withdrawn status Lost status Damaged status Not for loan Home library Current library Date acquired Cost, normal purchase price Full call number Accession Number Koha item type
        RRII Library RRII Library 16/12/2021 610.00 338.22(540) RED 23420 Books